000 00455cam a22001457a 4500
008 180718b2005 xxu||||| |||| 00| 0 eng d
082 _aA81x54 01/26PCA
100 _aCensus of India 2001
245 _aDaman and Diu: primary census abstract
260 _aDelhi
_bThe Controller of Publications
_c2005
300 _a114p.
440 _aCensus of India 2001. Series-26, Daman and Diu
500 _aContents: Table A5-A9
650 _aDaman and Diu - Census
999 _c486380
_d486380